| 000 | 00904nam a2200253 a 4500 | ||
|---|---|---|---|
| 001 | 000022700 | ||
| 005 | 20200930021740.0 | ||
| 008 | 101115s1968 sp 000 0 spa d | ||
| 040 |
_aDO-SdBNP _bspa _cBNPHU |
||
| 041 | 1 | 7 |
_aspa _hger _2Código de idiomas MARC |
| 082 |
_ann* _bnn* |
||
| 100 | 1 |
_aHintzie, Otto. _946667 |
|
| 240 | 1 | 0 |
_aStaat und verfassung. _lEspañol |
| 245 | 1 | 0 |
_aHistoria de las formas políticas / _cOtto Hintze ; traducción de José Díaz García. |
| 260 |
_aMadrid : _bRevista de Occidente, _c1968. |
||
| 300 |
_a322 p. ; _c21 cm. |
||
| 490 | 1 |
_aBiblioteca de Política y Sociología. Major _v12 |
|
| 534 |
_aVersión original en alemán : _tStaat and Verfassung |
||
| 700 | 1 |
_aDíaz García, José, _etr. _945502 |
|
| 700 | 1 |
_aHolsti, Ole R. _946655 |
|
| 700 | 1 |
_aFagen, Richard R. _946656 |
|
| 830 | 0 |
_aBiblioteca de Política y Sociología _pMajor _v12 _946668 |
|
| 049 | _aBNGR | ||
| 999 |
_c22197 _d22197 |
||